|
|
|
|
| LEADER |
00545nam a2200145Ia 4500 |
| 008 |
150624b xxu||||| |||| 00| 0 eng d |
| 082 |
|
|
|a 650
|
| 245 |
|
|
|a Business environment:
|b themes and issues /
|c edited by Paul Wetherly
|
| 260 |
|
|
|a New Delhi :
|b Oxford University Press,
|c 2008.
|
| 300 |
|
|
|a 495 p.
|
| 700 |
|
|
|a Otter, Dorron
|e editor.
|
| 700 |
|
|
|a Wetherly, Paul
|e editor.
|
| 942 |
|
|
|c BK
|
| 999 |
|
|
|c 59570
|d 59570
|
| 952 |
|
|
|0 0
|1 0
|4 0
|6 650_000000000000000_WET_B
|7 0
|9 59547
|a UL
|b UL
|c ST1
|d 2012-10-27
|l 10
|m 5
|o 650 WET/B
|p 85935
|r 2017-12-28
|s 2017-10-15
|w 2012-10-27
|y BK
|